| 000 | 00495nam a2200169Ia 4500 | ||
|---|---|---|---|
| 999 |
_c27550 _d27550 |
||
| 003 | OSt | ||
| 005 | 20201202113959.0 | ||
| 008 | 190216s9999||||xx |||||||||||||| ||und|| | ||
| 040 | _coclc | ||
| 082 |
_a894.8123 _bANA/B |
||
| 100 |
_aAnand, Mulk Raj _95873 |
||
| 245 | 0 |
_aBharatheeya Classic Novalukal / _cMulk Raj Anand |
|
| 260 |
_bNational Book Stall, _aKottayam: |
||
| 300 | _a372p | ||
| 650 | _aMalayalam Novel | ||
| 942 |
_cBK _2ddc _h894.8123 _iANA/B _k894.8123 _mANA/B |
||